| 000 | 00592cam a2200193 4500 | ||
|---|---|---|---|
| 001 | 2682004 | ||
| 003 | BD-DhUL | ||
| 005 | 20170427174612.0 | ||
| 008 | 740410s1965 nyu s i100 0 eng | ||
| 010 | _a 74160777 | ||
| 040 |
_aBD-DhUL _cBD-DhUL |
||
| 082 | 0 | 0 |
_a338.45 _bUNR |
| 110 | 2 | _aUnited Nations | |
| 245 | 1 | 0 |
_aReports presented at the symposium on the economic aspects of, and productivity in the Sawmilling industry : _bvol. 2 / |
| 260 |
_aNew York : _bUnited Nations, _c1965. |
||
| 300 |
_av. ; _c24 cm. |
||
| 650 | 0 | _asymposium on the economic aspects | |
| 942 |
_2ddc _cREF |
||
| 999 |
_c193900 _d193900 |
||